| 000 | 02587njm a2200421Ia 4500 | ||
|---|---|---|---|
| 001 | F2179 | ||
| 003 | IT-RoPAU | ||
| 005 | 20220918181115.0 | ||
| 008 | 131025s9999 xx 000 0 und d | ||
| 040 | _aIT-RoPAU | ||
| 040 | _cIT-RoPAU | ||
| 041 | _aINGLESE | ||
| 999 |
_c99295 _d99295 |
||
| 999 | _bn.d. | ||
| 100 |
_aAA.VV. _9794 |
||
| 100 |
_eAutore musica _932492 |
||
| 100 |
_gCodice autore musica SPICS: 12000 _9796 |
||
| 245 | _aBlue | ||
| 250 | _a1a ed. | ||
| 260 | _aENGLAND | ||
| 260 |
_bEMI RECORDS _c1998 [1a Ed.:1998 - Ed. Lingua Orig.: 1998] |
||
| 300 | _aCOMPACT DISC | ||
| 300 | _c51 minuti (Testo: 0 pag.) | ||
| 500 | _aMusica pop. Testi delle Canzoni. | ||
| 505 | _aMellow My Mind (4:00) - Blue (5:00) - Say You Love Me (4:00) - To Be Free (5:00) - The Air That I Breathe (5:00) - Someday In My Life (5:00) - The Air That I Breathe Reprise (5:00) - Night Nurse (4:00) - Broken Man (4:00) - Come Get Me Angel (5:00) - Ghetto Girl (4:00) - Love Has Said Goodbye Again (4:00) - High Fives (3:00) | ||
| 650 |
_aPOP [COMPACT DISC] _eCodice MATERIA SPICS: 9949 _910570 |
||
| 700 |
_aSimply Red _gCodice interprete SPICS: 10084 _eInterprete _932493 |
||
| 700 |
_aYoung Neil _gCodice autore musica SPICS: 17347 _eAutore musica _pMellow My Mind _932494 |
||
| 700 |
_aHucknall Mick _gCodice autore testo/musica SPICS: 28125 _eAutore testo/musica _pBlue - Say You Love Me - To Be Free - Someday In My Life - Broken Man - Love Has Said Goodbye Again - High Fives _932495 |
||
| 700 |
_aHammond A. _gCodice autore musica SPICS: 14448 _eAutore musica _pThe Air That I Breathe - The Air That I Breathe Reprise (testo riscritto da Turpin e Jordan) _932496 |
||
| 700 |
_aHazelwood L. _gCodice autore testo/musica SPICS: 23028 _eAutore testo/musica _pThe Air That I Breathe - The Air That I Breathe Reprise (testo riscritto da Turpin e Jordan) _932497 |
||
| 700 |
_aTurpin William _gCodice autore testo/musica SPICS: 50687 _eAutore testo/musica _pThe Air That I Breathe Reprise _932498 |
||
| 700 |
_aIsaacs Gregory _gCodice autore musica SPICS: 50688 _eAutore musica _pNight Nurse _932499 |
||
| 700 |
_aWeise Sylvester _gCodice autore testo/musica SPICS: 50689 _eAutore testo/musica _pNight Nurse _932500 |
||
| 700 |
_aFranklyn Carolyn _gCodice autore musica SPICS: 50690 _eAutore musica _pCome Get Me Angel (riscritta da Mick Hucknall) _932501 |
||
| 700 |
_aSaunders Sony _gCodice autore testo/musica SPICS: 50691 _eAutore musica _pCome Get Me Angel (riscritta da Mick Hucknall) _932502 |
||
| 700 |
_aBrown Dennis _gCodice autore testo/musica SPICS: 50701 _eAutore testo/musica _pGhetto Girl _932503 |
||
| 942 |
_cCD _2ddc |
||